banner-ar

تربو باسكال: الدليل الكامل / (Record no. 51663)

MARC details
000 -الفاتح
حقل البيانات ثابتة الطول 00567nam a2200181Ia 4500
008 - عناصر البيانات ثابتة الطول - معلومات عامة
حقل البيانات ثابتة الطول 140319s9999 xx 000 0 ara d
040 ## - مصدر الفهرسة
وكالة الفهرسة الأصلية GCL /
وكالة النسخ GCL
082 04 - رقم تصنيف ديوى العشرى
رقم التصنيف 001.6424
رقم المادة ف ت
100 1# - المدخل الرئيسى - إسم شخصى
الإسم الشخصى فيبل، ورنر
245 10 - بيان العنوان
العنوان تربو باسكال: الدليل الكامل /
بيان المسئوليه,etc فيبل، ورنر
700 1# - المدخل الاضافى - اسم شخصى
الإسم الشخصى ياسر نهاد العقاد
300 ## - الوصف المادى
التعداد 570
490 ## - بيان السلسلة
عنوان السلسلة سلسلة لغات باسكال الحديثة
رقم المجلد/ التعيين التسلسلي 0
650 04 - المدخل الاضافى بالموضوع-مصطلح موضوعى
مصطلح موضوعي الباسكال
650 04 - المدخل الاضافى بالموضوع-مصطلح موضوعى
مصطلح موضوعي برامج الحاسبات الالكترونية
942 ## - عناصر المدخل الإضافي( كوها)
مصدر التصنيف او مخطط الترفيف Dewey Decimal Classification
Koha [default] item type كتاب
Holdings
حالة التراجع حالة الفقد حالة تلف ليس للاعارة المكان المؤقت الموقع الحالى تاريخ الاكتساب اجمالي اﻻعارات رقم الطلب الباركود تاريخ اخر مشاهدة تاريخ تفعيل السعر نوع وعاء كوها
        مكتبة القاهرة الكبرى مكتبة القاهرة الكبرى 03/26/2014   001.6424\ف ت 123662 03/26/2014 03/26/2014 كتاب

Powered By

EGPV